000 00575nam a2200193 a 4500
001 BRCA_2716
005 20190320203933.0
008 031208s1961----mx-a---###---#000-0#spa-u
050 4 _aQK98
_b.M37 1961
100 1 _aMartínez Negrete
_97679
245 1 0 _aEs un país lejano... Imágenes
_cMartínez Negrete ; Alusiones poéticas / Carlos Pellicer.
260 _aMéxico
_bFoto-Ilustradores
_c1961
300 _a77 p.
_bil.
_c28 cm.
500 _aAA57
650 1 4 _aBotánica
_vObras pictóricas
_97680
700 1 _aPellicer, Carlos
_97681
902 _aGFM
942 _2lcc
_cB
999 _c2456
_d2456